<?xml version="1.0" encoding="UTF-8"?>
<record
    xmlns:xsi="http://www.w3.org/2001/XMLSchema-instance"
    xsi:schemaLocation="http://www.loc.gov/MARC21/slim http://www.loc.gov/standards/marcxml/schema/MARC21slim.xsd"
    xmlns="http://www.loc.gov/MARC21/slim">

  <leader>01905nam a22002297a 4500</leader>
  <controlfield tag="008">151009s1991    sp ak||| |||| 000 0 spa d</controlfield>
  <datafield tag="020" ind1=" " ind2=" ">
    <subfield code="a">84-7738-025-2</subfield>
  </datafield>
  <datafield tag="050" ind1=" " ind2="4">
    <subfield code="a">QA273.18 D53</subfield>
  </datafield>
  <datafield tag="100" ind1="1" ind2=" ">
    <subfield code="a">D&#xCD;AZ Godino, Juan</subfield>
    <subfield code="e">, autor.</subfield>
    <subfield code="9">49</subfield>
  </datafield>
  <datafield tag="245" ind1="1" ind2="0">
    <subfield code="a">Azar y probabilidad</subfield>
    <subfield code="b">: fundamentos did&#xE1;cticos y propuestas curriculares</subfield>
    <subfield code="c">/ Juan D&#xED;az Godino, Ma. del Carmen Batanero Bernabeu, Ma. Jesus Ca&#xF1;izares Castellanos.</subfield>
  </datafield>
  <datafield tag="260" ind1=" " ind2=" ">
    <subfield code="a">Madrid (Espa&#xF1;a)</subfield>
    <subfield code="b">: Sintesis</subfield>
    <subfield code="c">, 1991.</subfield>
  </datafield>
  <datafield tag="300" ind1=" " ind2=" ">
    <subfield code="a">187 p.: </subfield>
    <subfield code="b">il. cuadros, f&#xF3;rmulas; </subfield>
    <subfield code="c">22 cm.</subfield>
  </datafield>
  <datafield tag="490" ind1="0" ind2=" ">
    <subfield code="a">Matem&#xE1;ticas: cultura y aprendizaje;  </subfield>
    <subfield code="v">27.</subfield>
  </datafield>
  <datafield tag="500" ind1=" " ind2=" ">
    <subfield code="a">Sexto Semestre, bibliograf&#xED;a b&#xE1;sica
CCH / Estad&#xED;stica y probabilidad (1603) / (05 002142-05 002143)</subfield>
  </datafield>
  <datafield tag="500" ind1=" " ind2=" ">
    <subfield code="a">Incluye bibliograf&#xED;a (p. 185-187)</subfield>
  </datafield>
  <datafield tag="505" ind1="2" ind2=" ">
    <subfield code="a">Fundamentos did&#xE1;cticos
Azar y probabilidad en la ense&#xF1;anza obligatoria; fen&#xF3;menos aleatorios; conceptos de probabilidad; los juegos de azar y el c&#xE1;lculo de probabilidades: una aproximaci&#xF3;n hist&#xF3;rica; desarrollo psicol&#xF3;gico de la intuici&#xF3;n probabil&#xED;stica en el ni&#xF1;o; sesgos y estrategias en la estimaci&#xF3;n.

Propuestas curriculares
Consideraciones metodol&#xF3;gicas generales; estructura de las unidades did&#xE1;cticas; uso de las unidades did&#xE1;cticas en los distintos niveles de ense&#xF1;anza; contenidos impl&#xED;citos en las situaciones de aprendizaje; unidades did&#xE1;cticas.

Teor&#xED;a matem&#xE1;tica elemental de la probabilidad
Sucesos aleatorios. Axiomas de probabilidad; recuento sistem&#xE1;tico de resultados: combinatoria; probabilidad condicional.Dependencia; variable aleatoria. Esperanza matem&#xE1;tica; distribuciones de probabilidad; procesos estoc&#xE1;sticos discretos.</subfield>
  </datafield>
  <datafield tag="650" ind1="1" ind2=" ">
    <subfield code="a">PROBABILIDADES</subfield>
    <subfield code="x">ESTAD&#xCD;STICA MATEM&#xC1;TICA</subfield>
    <subfield code="9">50</subfield>
  </datafield>
  <datafield tag="700" ind1="1" ind2=" ">
    <subfield code="a">BATANERO Bernabeu, Ma. del Carmen</subfield>
    <subfield code="e">, coautor.</subfield>
    <subfield code="9">51</subfield>
  </datafield>
  <datafield tag="700" ind1="1" ind2=" ">
    <subfield code="a">CA&#xD1;IZARES Castellanos, Ma. Jesus</subfield>
    <subfield code="e">, coautor.</subfield>
    <subfield code="9">52</subfield>
  </datafield>
  <datafield tag="942" ind1=" " ind2=" ">
    <subfield code="c">LB</subfield>
    <subfield code="2">lcc</subfield>
  </datafield>
  <datafield tag="952" ind1=" " ind2=" ">
    <subfield code="0">0</subfield>
    <subfield code="1">0</subfield>
    <subfield code="2">lcc</subfield>
    <subfield code="4">0</subfield>
    <subfield code="7">0</subfield>
    <subfield code="a">04</subfield>
    <subfield code="b">04</subfield>
    <subfield code="d">2015-10-10</subfield>
    <subfield code="l">0</subfield>
    <subfield code="o">QA273.18 D53</subfield>
    <subfield code="p">05 002142</subfield>
    <subfield code="r">2023-02-13</subfield>
    <subfield code="t">1</subfield>
    <subfield code="w">2015-10-10</subfield>
    <subfield code="y">LB</subfield>
  </datafield>
  <datafield tag="952" ind1=" " ind2=" ">
    <subfield code="0">0</subfield>
    <subfield code="1">0</subfield>
    <subfield code="2">lcc</subfield>
    <subfield code="4">0</subfield>
    <subfield code="7">0</subfield>
    <subfield code="a">04</subfield>
    <subfield code="b">04</subfield>
    <subfield code="d">2015-10-10</subfield>
    <subfield code="l">0</subfield>
    <subfield code="o">QA273.18 D53</subfield>
    <subfield code="p">05 002143</subfield>
    <subfield code="r">2023-02-13</subfield>
    <subfield code="t">2</subfield>
    <subfield code="w">2015-10-10</subfield>
    <subfield code="y">LB</subfield>
  </datafield>
  <datafield tag="999" ind1=" " ind2=" ">
    <subfield code="c">98258</subfield>
    <subfield code="d">98258</subfield>
  </datafield>
</record>
